Loading...
| Social Science | 0 | 4 | 0 | 1 | 40 | 70 | 87.50 | 1 | 4 |
| Science - Other Science | 0 | 3 | 0 | 0 | 30 | 84 | 98.33 | 0 | 3 |
| Philosophy | 1 | 1 | 2 | 0 | 15 | 61 | 73.50 | 1 | 2 |
| Literature - European Literature | 0 | 1 | 0 | 0 | 10 | 132 | 132.00 | 0 | 1 |
| Literature - World Literature | 0 | 1 | 0 | 0 | 10 | 96 | 96.00 | 0 | 1 |
| Geography | 0 | 1 | 1 | 0 | 5 | 81 | 81.00 | 0 | 1 |
| Literature - American Literature | 0 | 1 | 1 | 0 | 5 | 94 | 94.00 | 1 | 1 |
| Religion | 0 | 0 | 0 | 0 | 0 | 0.00 | 0 | 0 | |
| Mythology | 0 | 0 | 1 | 0 | -5 | 0.00 | 0 | 0 | |
| Science - Physics | 0 | 0 | 1 | 0 | -5 | 0.00 | 0 | 0 | |
| Literature - British Literature | 0 | 0 | 1 | 0 | -5 | 0.00 | 0 | 0 |